| 000 | 01562nam a22002657a 4500 | ||
|---|---|---|---|
| 999 |
_c60981 _d60981 |
||
| 005 | 20231201162523.0 | ||
| 008 | 231201s1999ru xxu||||| |||| 00| 0 rus d | ||
| 020 | _a5883530443 X | ||
| 041 | _arus | ||
| 080 | _a94(3)+94(37)+94(4) Р-58 | ||
| 100 |
_aРобертс, Дж.М., ავტორი. _920555 |
||
| 245 |
_aИллюстрированная история мира : В 10 томах. _bТ. 3, Рим и классический Запад / _c Дж.М. Робертс ; Перевод с английского: А. Богомякова, Ю. Лисовский ; Редактор М. Лагунова ; |
||
| 264 |
_aМосква : _bБММ АО, _c1999. |
||
| 300 |
_a192 с. : _bцв. ил., карты, фот. _c29 см. |
||
| 500 | _aწიგნს ახლავს სუპერი. საძიებელი: გვ. 186-191. | ||
| 653 | _a Рим и классический Запад | ||
| 653 | _aThe illustrated history of the world : 10 volumes. Volume 3, Rome and the classical west | ||
| 653 | _aძველი მსოფლიო ისტორია. | ||
| 653 | _aძველი რომი ისტორია. | ||
| 653 | _aევროპა უძველესი დროიდან VII ს-მდე ისტორია. | ||
| 700 |
_aБогомякова, А. _eმთარგმნელი. _920556 |
||
| 700 |
_aЛисовский, Ю. _eმთარგმნელი. _920557 |
||
| 700 |
_aЛагунова, М. _eრედაქტორი. _920558 |
||
| 942 |
_2udc _cᲬᲘᲒᲜᲘ |
||